000 01445nam0a22003131 4500
001 rc\3594654
005 20250610040614.0
021 _aRU
_b[73-7570]
035 _a(NLR Aleph) 007679403
090 _a6521461
_c6521461
100 _a20130115d1972 |||y0rusy50 ca
101 0 _arus
102 _aRU
105 _ay b |||||
200 1 _aПрименение покрытий из органосиликатных материалов на тепловых электростанциях
_fАН СССР. Ин-т химии силикатов им. И.В. Гребенщикова
210 _aЛенинград
_cНаука. Ленингр. отд-ние
_d1972
215 _a20 с.
_d21
300 _aПеред загл. авт.: А.А. Клементьев, Н.Н. Чаман, Н.П. Харитонов и др.
320 _aСписок лит.: с. 19-20 (27 назв.)
606 _aТепловые электрические станции
_xОборудование
_xЗащита от коррозии
_2psbo
606 _aОрганосиликатные материалы
_xПрименение в качестве покрытия
_2psbo
701 1 _aЧамин
_bН.Н.
701 1 _aКлеметьев
_bА.А.
_gАлександр Александрович
701 1 _aХаритонов
_bН.П.
801 0 _aRU
_bNLR
_gpsbo
801 1 _aRU
_bELAR
_2rusmarc
852 _aNLR
_j72-6/11528
942 _cBOOK
980 _aNB